| 000 | 00976nam a2200265Ia 4500 | ||
|---|---|---|---|
| 003 | OSt | ||
| 005 | 20220923211232.0 | ||
| 006 | a|||||r|||| 00| 0 | ||
| 007 | ta | ||
| 008 | 220922b |||||||| |||| 00| 0 hin d | ||
| 020 |
_a9788171382842 (hbk) _c595 |
||
| 024 | _a289,373 | ||
| 037 |
_b24574, 15/03/2016, Kitab Ghar _cTextual |
||
| 040 |
_aARTS _cARTS _bhin |
||
| 041 |
_2hin _ahin |
||
| 082 | _aO152(Y11):g, Q4 | ||
| 100 | _aयादव, उषा, संपा. | ||
| 245 | 0 | _aहिन्दी बाल साहित्य और बाल विमर्श | |
| 246 | _aHindī bāl sāhitya aur bāl vimarsha | ||
| 260 |
_aनई दिल्ली _b सामायिक प्रकाशन _c2014 |
||
| 300 |
_a335पृ. _ccm. |
||
| 650 |
_aहिन्दी साहित्य _9156264 |
||
| 942 |
_hO152(Y11):g, Q4 _cTEXL _2CC |
||
| 999 |
_c297413 _d297413 |
||